000 00289nam a22001337a 4500
008 170911b xxu||||| |||| 00| 0 eng d
020 _a9780697111999
041 _aeng
080 _a53
100 _a43
101 _aFIZ
245 _aUNIVERSITY PHYSICS
_cCUMMENTT,W.P
942 _2udc
_cBK
999 _c27117
_d27117